<?xml version="1.0" encoding="UTF-8"?>
<record
    xmlns:xsi="http://www.w3.org/2001/XMLSchema-instance"
    xsi:schemaLocation="http://www.loc.gov/MARC21/slim http://www.loc.gov/standards/marcxml/schema/MARC21slim.xsd"
    xmlns="http://www.loc.gov/MARC21/slim">

  <leader>02332cam a2200373 i 4500</leader>
  <controlfield tag="003">SA-RiAUC</controlfield>
  <controlfield tag="005">20250910133459.0</controlfield>
  <controlfield tag="008">250907s2001    su a   g     f00000 ara c</controlfield>
  <datafield tag="020" ind1=" " ind2=" ">
    <subfield code="a">9960693708</subfield>
  </datafield>
  <datafield tag="020" ind1=" " ind2=" ">
    <subfield code="a">9999606937081</subfield>
  </datafield>
  <datafield tag="024" ind1="0" ind2=" ">
    <subfield code="a">00000000828709</subfield>
  </datafield>
  <datafield tag="040" ind1=" " ind2=" ">
    <subfield code="a">SA-RiAUC</subfield>
    <subfield code="b">ara</subfield>
    <subfield code="c">SA-RiAUC</subfield>
    <subfield code="d">AE-DuMBRL</subfield>
    <subfield code="e">rda</subfield>
  </datafield>
  <datafield tag="043" ind1=" " ind2=" ">
    <subfield code="a">a-su---</subfield>
    <subfield code="a">awgz---</subfield>
  </datafield>
  <datafield tag="050" ind1=" " ind2="4">
    <subfield code="b">H37 2001</subfield>
  </datafield>
  <datafield tag="050" ind1=" " ind2="4">
    <subfield code="b">.H37 2001</subfield>
  </datafield>
  <datafield tag="082" ind1="0" ind2="4">
    <subfield code="a">327.5310569</subfield>
    <subfield code="q">SA-RiAUC</subfield>
  </datafield>
  <datafield tag="090" ind1=" " ind2=" ">
    <subfield code="a">327.5310569</subfield>
    <subfield code="b">&#x62D; &#x631; &#x64A;</subfield>
  </datafield>
  <datafield tag="100" ind1="1" ind2=" ">
    <subfield code="a">&#x627;&#x644;&#x62D;&#x631;&#x64A;&#x631;&#x64A;&#x60C; &#x635;&#x627;&#x644;&#x62D; &#x62C;&#x645;&#x627;&#x644;&#x60C;</subfield>
    <subfield code="d">&#x62D;&#x648;&#x627;&#x644;&#x64A; 1921-1980</subfield>
    <subfield code="e">&#x645;&#x624;&#x644;&#x641;.</subfield>
  </datafield>
  <datafield tag="245" ind1="1" ind2="2">
    <subfield code="a">&#x627;&#x644;&#x62C;&#x64A;&#x634; &#x627;&#x644;&#x633;&#x639;&#x648;&#x62F;&#x64A; &#x641;&#x64A; &#x641;&#x644;&#x633;&#x637;&#x64A;&#x646; /</subfield>
    <subfield code="c">&#x635;&#x627;&#x644;&#x62D; &#x62C;&#x645;&#x627;&#x644; &#x627;&#x644;&#x62D;&#x631;&#x64A;&#x631;&#x64A;.</subfield>
  </datafield>
  <datafield tag="250" ind1=" " ind2=" ">
    <subfield code="a">&#x627;&#x644;&#x637;&#x628;&#x639;&#x629; &#x627;&#x644;&#x62B;&#x627;&#x646;&#x64A;&#x629;.</subfield>
  </datafield>
  <datafield tag="264" ind1=" " ind2="1">
    <subfield code="a">&#x627;&#x644;&#x631;&#x64A;&#x627;&#x636; :</subfield>
    <subfield code="b">&#x62F;&#x627;&#x631;&#x629; &#x627;&#x644;&#x645;&#x644;&#x643; &#x639;&#x628;&#x62F; &#x627;&#x644;&#x639;&#x632;&#x64A;&#x632;&#x60C;</subfield>
    <subfield code="c">2001.</subfield>
  </datafield>
  <datafield tag="300" ind1=" " ind2=" ">
    <subfield code="a">107 &#x635;&#x641;&#x62D;&#x629; :</subfield>
    <subfield code="b">&#x625;&#x64A;&#x636;&#x627;&#x62D;&#x64A;&#x627;&#x62A; &#x61B;</subfield>
    <subfield code="c">24 &#xD7; 17 &#x633;&#x645;.</subfield>
  </datafield>
  <datafield tag="336" ind1=" " ind2=" ">
    <subfield code="a">&#x646;&#x635;</subfield>
    <subfield code="b">txt</subfield>
    <subfield code="2">rdacontent</subfield>
    <subfield code="3">&#x643;&#x62A;&#x627;&#x628;</subfield>
  </datafield>
  <datafield tag="337" ind1=" " ind2=" ">
    <subfield code="a">&#x628;&#x62F;&#x648;&#x646; &#x648;&#x633;&#x64A;&#x637;</subfield>
    <subfield code="b">n</subfield>
    <subfield code="2">rdamedia</subfield>
  </datafield>
  <datafield tag="338" ind1=" " ind2=" ">
    <subfield code="a">&#x645;&#x62C;&#x644;&#x62F;</subfield>
    <subfield code="b">nc</subfield>
    <subfield code="2">rdacarrier</subfield>
  </datafield>
  <datafield tag="490" ind1="0" ind2=" ">
    <subfield code="a">&#x625;&#x635;&#x62F;&#x627;&#x631;&#x627;&#x62A; &#x62F;&#x627;&#x631;&#x629; &#x627;&#x644;&#x645;&#x644;&#x643; &#x639;&#x628;&#x62F; &#x627;&#x644;&#x639;&#x632;&#x64A;&#x632; &#x61B;</subfield>
    <subfield code="v">109</subfield>
  </datafield>
  <datafield tag="500" ind1=" " ind2=" ">
    <subfield code="a">&#x637;&#x628;&#x639; &#x647;&#x630;&#x627; &#x627;&#x644;&#x643;&#x62A;&#x627;&#x628; &#x639;&#x627;&#x645; 1369 &#x647;&#x640; / 1950 &#x645; &#x648;&#x623;&#x639;&#x627;&#x62F;&#x62A; &#x62F;&#x627;&#x631;&#x629; &#x627;&#x644;&#x645;&#x644;&#x643; &#x639;&#x628;&#x62F; &#x627;&#x644;&#x639;&#x632;&#x64A;&#x632; &#x637;&#x628;&#x639;&#x629; &#x639;&#x646; &#x627;&#x644;&#x623;&#x635;&#x644; &#x628;&#x645;&#x646;&#x627;&#x633;&#x628;&#x629; &#x627;&#x646;&#x639;&#x642;&#x627;&#x62F; &#x646;&#x62F;&#x648;&#x629; &#x627;&#x644;&#x645;&#x645;&#x644;&#x643;&#x629; &#x627;&#x644;&#x639;&#x631;&#x628;&#x64A;&#x629; &#x627;&#x644;&#x633;&#x639;&#x648;&#x62F;&#x64A;&#x629; &#x648;&#x641;&#x644;&#x633;&#x637;&#x64A;&#x646; &#x628;&#x645;&#x62F;&#x64A;&#x646;&#x629; &#x627;&#x644;&#x631;&#x64A;&#x627;&#x636; 1422 &#x647;&#x640; / 2000 &#x645;.</subfield>
  </datafield>
  <datafield tag="520" ind1=" " ind2=" ">
    <subfield code="a">&#x64A;&#x639;&#x631;&#x636; &#x627;&#x644;&#x643;&#x62A;&#x627;&#x628; &#x645;&#x634;&#x627;&#x631;&#x643;&#x629; &#x627;&#x644;&#x62C;&#x64A;&#x634; &#x627;&#x644;&#x633;&#x639;&#x648;&#x62F;&#x64A; &#x641;&#x64A; &#x627;&#x644;&#x62F;&#x641;&#x627;&#x639; &#x639;&#x646; &#x641;&#x644;&#x633;&#x637;&#x64A;&#x646;&#x60C; &#x648;&#x62E;&#x648;&#x636;&#x647; &#x639;&#x62F;&#x62F;&#x627; &#x645;&#x646; &#x627;&#x644;&#x645;&#x639;&#x627;&#x631;&#x643; &#x641;&#x64A; &#x627;&#x644;&#x62E;&#x637;&#x648;&#x637; &#x627;&#x644;&#x623;&#x645;&#x627;&#x645;&#x64A;&#x629;&#x60C; &#x648;&#x62A;&#x639;&#x627;&#x648;&#x646; &#x627;&#x644;&#x62C;&#x64A;&#x634; &#x627;&#x644;&#x633;&#x639;&#x648;&#x62F;&#x64A; &#x648;&#x627;&#x644;&#x645;&#x635;&#x631;&#x64A; &#x628;&#x635;&#x648;&#x631;&#x629; &#x644;&#x627;&#x641;&#x62A;&#x629;&#x60C; &#x648;&#x642;&#x62F; &#x631;&#x635;&#x62F; &#x627;&#x644;&#x643;&#x62A;&#x627;&#x628; &#x623;&#x62E;&#x628;&#x627;&#x631;&#x627; &#x639;&#x646; &#x627;&#x644;&#x62C;&#x64A;&#x634; &#x627;&#x644;&#x633;&#x639;&#x648;&#x62F;&#x64A; &#x648;&#x623;&#x641;&#x631;&#x627;&#x62F;&#x647; &#x648;&#x644;&#x642;&#x627;&#x621;&#x62A;&#x647;&#x645; &#x628;&#x639;&#x62F;&#x62F; &#x645;&#x646; &#x627;&#x644;&#x645;&#x633;&#x624;&#x644;&#x64A;&#x646; &#x648;&#x62A;&#x636;&#x645;&#x646; &#x62E;&#x637;&#x627;&#x628;&#x627;&#x62A; &#x648;&#x645;&#x642;&#x627;&#x644;&#x627;&#x62A; &#x648;&#x642;&#x635;&#x627;&#x626;&#x62F; &#x644;&#x639;&#x62F;&#x62F; &#x645;&#x646; &#x645;&#x646;&#x633;&#x648;&#x628;&#x64A;&#x629;&#x60C; &#x643;&#x645;&#x627; &#x62D;&#x648;&#x649; &#x645;&#x62C;&#x645;&#x648;&#x639;&#x629; &#x646;&#x627;&#x62F;&#x631;&#x629; &#x645;&#x646; &#x627;&#x644;&#x635;&#x648;&#x631; &#x639;&#x646; &#x627;&#x644;&#x62C;&#x64A;&#x634; &#x648;&#x645;&#x634;&#x627;&#x631;&#x643;&#x62A;&#x629;&#x60C; &#x648;&#x635;&#x648;&#x631;&#x627; &#x644;&#x623;&#x641;&#x631;&#x627;&#x62F;&#x647; &#x645;&#x646; &#x627;&#x644;&#x636;&#x628;&#x627;&#x637; &#x648;&#x627;&#x644;&#x62C;&#x646;&#x648;&#x62F; &#x627;&#x644;&#x630;&#x64A;&#x646; &#x634;&#x627;&#x631;&#x643;&#x648;&#x627; &#x641;&#x64A; &#x62D;&#x631;&#x628; 1367-1368&#x647;&#x640;. </subfield>
  </datafield>
  <datafield tag="650" ind1=" " ind2="7">
    <subfield code="a">&#x627;&#x644;&#x62D;&#x631;&#x648;&#x628; &#x627;&#x644;&#x639;&#x631;&#x628;&#x64A;&#x629; &#x627;&#x644;&#x625;&#x633;&#x631;&#x627;&#x626;&#x64A;&#x644;&#x64A;&#x629;</subfield>
    <subfield code="2">aucsh</subfield>
  </datafield>
  <datafield tag="650" ind1=" " ind2="7">
    <subfield code="a">&#x627;&#x644;&#x639;&#x644;&#x627;&#x642;&#x627;&#x62A; &#x627;&#x644;&#x62E;&#x627;&#x631;&#x62C;&#x64A;&#x629;</subfield>
    <subfield code="2">aucsh</subfield>
  </datafield>
  <datafield tag="651" ind1=" " ind2="7">
    <subfield code="a">&#x627;&#x644;&#x633;&#x639;&#x648;&#x62F;&#x64A;&#x629;</subfield>
    <subfield code="x">&#x642;&#x648;&#x627;&#x62A; &#x645;&#x633;&#x644;&#x62D;&#x629;</subfield>
    <subfield code="2">aucsh</subfield>
  </datafield>
  <datafield tag="942" ind1=" " ind2=" ">
    <subfield code="2">ddc</subfield>
    <subfield code="c">BOOK</subfield>
    <subfield code="n">0</subfield>
  </datafield>
  <datafield tag="949" ind1=" " ind2=" ">
    <subfield code="a">SA-JeALM</subfield>
    <subfield code="d">250907</subfield>
    <subfield code="u">mohamedma123</subfield>
    <subfield code="n">1</subfield>
  </datafield>
  <datafield tag="952" ind1=" " ind2=" ">
    <subfield code="0">0</subfield>
    <subfield code="1">0</subfield>
    <subfield code="2">ddc</subfield>
    <subfield code="4">0</subfield>
    <subfield code="7">0</subfield>
    <subfield code="a">WAHAB</subfield>
    <subfield code="b">WAHAB</subfield>
    <subfield code="d">2025-09-10</subfield>
    <subfield code="l">0</subfield>
    <subfield code="o">327.5310569  &#x62D; &#x631; &#x64A;</subfield>
    <subfield code="p">000018749</subfield>
    <subfield code="r">2025-09-10 13:35:45</subfield>
    <subfield code="w">2025-09-10</subfield>
    <subfield code="y">BOOK</subfield>
  </datafield>
  <datafield tag="999" ind1=" " ind2=" ">
    <subfield code="c">11595</subfield>
    <subfield code="d">11595</subfield>
  </datafield>
</record>
